[Event "I Festival delle Marche A"]
[Site "Civitanova Marche ITA"]
[Date "2012.08.25"]
[Round "5"]
[White "Xia, Jie"]
[Black "Volkov, Sergey"]
[WhiteElo "2254"]
[BlackElo "2589"]
[Result "0-1"]
[PlyCount "100"]
[EventDate "2012.08.21"]

1. e4 e6 2. d4 d5 3. Nd2 a6 4. Ngf3 c5 5. exd5 exd5 6. c4 Nf6 7. cxd5 cxd4 8.
Nxd4 Qxd5 9. N2f3 Bb4+ 10. Bd2 Bxd2+ 11. Qxd2 O-O 12. Be2 Bg4 13. O-O Nbd7 14.
Rfd1 Rfe8 15. h3 Bh5 16. Nb3 Qxd2 17. Rxd2 Nf8 18. Nfd4 Bxe2 19. Rxe2 Rxe2 20.
Nxe2 Ne6 21. Ned4 Nxd4 22. Nxd4 Rc8 23. Nb3 Kf8 24. Rc1 Rxc1+ 25. Nxc1 Ke7 26.
Kf1 Kd6 27. Ke2 Kd5 28. Ke3 Kc4 29. Nb3 b5 30. Nd2+ Kd5 31. Nb3 Nd7 32. Nd4 g6
33. f4 Nb6 34. b3 Kc5 35. Ke4 f5+ 36. Kd3 Nd5 37. g3 Nb4+ 38. Ke3 Nxa2 39. g4
fxg4 40. hxg4 Kd5 41. f5 gxf5 42. Nxf5 Nc1 43. Nd4 b4 44. Nc2 a5 45. Nd4 h6 46.
Nf5 Nxb3 47. Nxh6 a4 48. g5 Ke6 49. g6 Kf6 50. Ng4+ Kg7 0-1

[Event "I Festival delle Marche A"]
[Site "Civitanova Marche ITA"]
[Date "2012.08.26"]
[Round "6"]
[White "Facchetti, Gianni"]
[Black "Xia, Jie"]
[WhiteElo "2110"]
[BlackElo "2254"]
[Result "1/2-1/2"]
[PlyCount "101"]
[EventDate "2012.08.21"]

1. e4 d5 2. exd5 Nf6 3. d4 Nxd5 4. Be2 g6 5. Nf3 Bg7 6. O-O O-O 7. Re1 c6 8. c3
Nd7 9. Na3 N7b6 10. Nc4 Nxc4 11. Bxc4 Bg4 12. h3 Bxf3 13. Qxf3 e6 14. Bd2 b5
15. Bd3 Qb6 16. Rab1 a5 17. Be3 Rad8 18. Be4 b4 19. c4 Nxe3 20. c5 Qc7 21. fxe3
e5 22. dxe5 Qxe5 23. Bxc6 Qxc5 24. Ba4 Rd2 25. Re2 Rxe2 26. Qxe2 Bh6 27. Re1
Rd8 28. Kh1 Qe5 29. Qf2 Kg7 30. Re2 Bg5 31. Bb3 Rd7 32. e4 Bd8 33. g3 Bc7 34.
Kg2 f6 35. Bd5 h5 36. h4 g5 37. hxg5 Qxg5 38. Qe3 Qe5 39. Qf3 Qg5 40. Qe3 Qe5
41. Qf3 Bb6 42. Kh3 Kf8 43. Qf4 Rxd5 44. exd5 Qxe2 45. Qxf6+ Ke8 46. Qxb6 Qg4+
47. Kh2 Qe2+ 48. Kh3 Qg4+ 49. Kh2 Qe2+ 50. Kh3 Qf1+ 51. Kh2 1/2-1/2

[Event "I Festival delle Marche A"]
[Site "Civitanova Marche ITA"]
[Date "2012.08.26"]
[Round "6"]
[White "Garofalo, Simone"]
[Black "Aleksic, Nenad"]
[WhiteElo "2017"]
[BlackElo "2341"]
[Result "1/2-1/2"]
[PlyCount "40"]
[EventDate "2012.08.21"]

1. e4 c5 2. Nf3 d6 3. d4 cxd4 4. Nxd4 Nf6 5. Nc3 a6 6. Bg5 e6 7. f4 Qb6 8. Qd2
Nc6 9. Bxf6 gxf6 10. Nb3 Bd7 11. Be2 h5 12. h4 O-O-O 13. O-O-O Na5 14. Nxa5
Qxa5 15. Kb1 Qc5 16. Bf3 Bc6 17. Qe2 Bh6 18. g3 Bg7 19. f5 exf5 20. exf5 Rhe8
1/2-1/2

[Event "I Festival delle Marche A"]
[Site "Civitanova Marche ITA"]
[Date "2012.08.26"]
[Round "6"]
[White "Lazic, Miroljub"]
[Black "Valsecchi, Alessio"]
[WhiteElo "2464"]
[BlackElo "2427"]
[Result "1-0"]
[PlyCount "83"]
[EventDate "2012.08.21"]

1. c4 Nf6 2. Nf3 e6 3. g3 d5 4. b3 c5 5. Bg2 Nc6 6. O-O Be7 7. d3 O-O 8. Nc3 d4
9. Na4 Qc7 10. e4 dxe3 11. fxe3 Rd8 12. Qe2 h6 13. Bb2 e5 14. Nc3 Bg4 15. Rad1
Qc8 16. e4 Nd4 17. Qf2 Bd6 18. Rd2 Bxf3 19. Bxf3 Rf8 20. Qe3 Qe6 21. Rdf2 Rae8
22. Bd1 Ng4 23. Bxg4 Qxg4 24. Nd5 Qg5 25. Bxd4 exd4 26. Qf3 Re6 27. Qd1 Qg6 28.
Kg2 h5 29. Rf5 h4 30. g4 f6 31. Kh3 Qe8 32. Qe1 b5 33. Qxh4 bxc4 34. Rh5 Qg6
35. bxc4 Re5 36. Rxe5 fxe5 37. Rxf8+ Bxf8 38. Qh5 Qe6 39. Kg3 g6 40. Qg5 Bg7
41. Qd8+ Kh7 42. g5 1-0

[Event "I Festival delle Marche A"]
[Site "Civitanova Marche ITA"]
[Date "2012.08.26"]
[Round "6"]
[White "Naumkin, Igor"]
[Black "De Santis, Alessio"]
[WhiteElo "2477"]
[BlackElo "2344"]
[Result "1-0"]
[PlyCount "97"]
[EventDate "2012.08.21"]

1. d4 Nf6 2. c4 c5 3. d5 b5 4. cxb5 a6 5. bxa6 g6 6. Nc3 Bxa6 7. f4 d6 8. Nf3
Bg7 9. e4 Bxf1 10. Rxf1 O-O 11. e5 dxe5 12. fxe5 Ng4 13. Qe2 Nd7 14. e6 Nde5
15. Nxe5 Nxe5 16. Bf4 Qd6 17. Bxe5 Bxe5 18. exf7+ Rxf7 19. Rxf7 Bxc3+ 20. bxc3
Kxf7 21. O-O-O Qf4+ 22. Kb1 Rb8+ 23. Ka1 Qxh2 24. Qe6+ Kg7 25. Qxe7+ Kg8 26.
Re1 Qg3 27. Qe5 Qxe5 28. Rxe5 c4 29. Re4 Rd8 30. Rd4 Kf7 31. a4 Ke7 32. Ka2 Kd6
33. Rxc4 Rf8 34. Rd4 Rf2+ 35. Kb3 Rxg2 36. a5 Rf2 37. a6 Rf8 38. Kb4 h5 39. c4
Rb8+ 40. Ka5 Kc5 41. Rd1 Ra8 42. d6 h4 43. d7 Rd8 44. a7 Kc6 45. Ka6 g5 46. Re1
Ra8 47. Re8 Rxa7+ 48. Kxa7 Kxd7 49. Rg8 1-0

[Event "I Festival delle Marche A"]
[Site "Civitanova Marche ITA"]
[Date "2012.08.26"]
[Round "6"]
[White "Sagripanti, Michele"]
[Black "Juhasz, Kristof"]
[WhiteElo "2010"]
[BlackElo "2377"]
[Result "1/2-1/2"]
[PlyCount "65"]
[EventDate "2012.08.21"]

1. e4 c6 2. d4 d5 3. Nc3 g6 4. Nf3 Bg7 5. Be3 Nf6 6. exd5 cxd5 7. h3 Nc6 8. Be2
O-O 9. O-O b6 10. Ne5 Bb7 11. Nxc6 Bxc6 12. Qd2 Re8 13. f4 e6 14. g4 b5 15. Bf3
Qd6 16. Rae1 Nd7 17. f5 e5 18. dxe5 Nxe5 19. Bxd5 b4 20. Bxc6 Qxd2 21. Bxd2
bxc3 22. Rxe5 Bxe5 23. Bxc3 Bxc3 24. bxc3 Kf8 25. fxg6 hxg6 26. Bxa8 Rxa8 27.
Rd1 Rb8 28. Rd7 Rb1+ 29. Kg2 Rc1 30. Rxa7 Rxc2+ 31. Kg1 Rc1+ 32. Kg2 Rc2+ 33.
Kg1 1/2-1/2

[Event "I Festival delle Marche A"]
[Site "Civitanova Marche ITA"]
[Date "2012.08.26"]
[Round "6"]
[White "Sanchez, Joseph"]
[Black "Horvath, Jozsef"]
[WhiteElo "2518"]
[BlackElo "2536"]
[Result "1-0"]
[PlyCount "77"]
[EventDate "2012.08.21"]

1. e4 c5 2. Nf3 e6 3. d4 cxd4 4. Nxd4 Nc6 5. Nc3 Qc7 6. Be3 a6 7. Qd2 Nf6 8.
O-O-O Be7 9. Kb1 b5 10. f3 O-O 11. g4 Ne5 12. g5 Nh5 13. Rg1 Bb7 14. f4 Nc4 15.
Bxc4 Qxc4 16. Nb3 d6 17. Na5 Qc7 18. Nxb7 Qxb7 19. Qd3 Rfc8 20. f5 Rc4 21. g6
hxg6 22. fxe6 Bf6 23. e5 Bxe5 24. exf7+ Qxf7 25. Rdf1 Nf4 26. Bxf4 Rxf4 27.
Rxf4 Bxf4 28. Nd5 Re8 29. a4 bxa4 30. Rf1 g5 31. h4 Re5 32. c4 Qe6 33. Ka2 Re2
34. hxg5 Bxg5 35. Qf3 Qe4 36. Qf7+ Kh7 37. Nc3 Rxb2+ 38. Kxb2 Bf6 39. Rxf6 1-0

[Event "I Festival delle Marche A"]
[Site "Civitanova Marche ITA"]
[Date "2012.08.26"]
[Round "6"]
[White "Stella, Andrea"]
[Black "Martinez, Rolly"]
[WhiteElo "2441"]
[BlackElo "2426"]
[Result "1-0"]
[PlyCount "101"]
[EventDate "2012.08.21"]

1. Nf3 Nf6 2. c4 e6 3. g3 d5 4. Bg2 Be7 5. O-O O-O 6. b3 b6 7. Bb2 Bb7 8. e3 c5
9. Nc3 dxc4 10. bxc4 Nc6 11. Qe2 Rc8 12. Rad1 Qc7 13. Ne1 Na5 14. f4 Rfd8 15.
d3 a6 16. f5 Bxg2 17. Nxg2 Rf8 18. Nf4 Qd7 19. Ne4 Kh8 20. Nxf6 gxf6 21. fxe6
fxe6 22. Qg4 Rf7 23. Qxe6 Qxe6 24. Nxe6 b5 25. cxb5 axb5 26. Rf5 Rc6 27. Ng5
Rf8 28. Ne4 Nb7 29. Rdf1 Kg7 30. d4 b4 31. dxc5 Nxc5 32. Rc1 Rfc8 33. Bxf6+
Bxf6 34. Rfxc5 Rxc5 35. Rxc5 Re8 36. Rc7+ Kg6 37. Nxf6 Kxf6 38. Rxh7 Rxe3 39.
Rh4 Re1+ 40. Kf2 Rb1 41. Rf4+ Kg6 42. h4 Kh5 43. Kg2 Kg6 44. Kh3 Kh5 45. Rf5+
Kg6 46. Rb5 Rb2 47. Kg4 Kh6 48. Rb6+ Kh7 49. Kg5 Rxa2 50. Rb7+ Kg8 51. Rxb4 1-0

[Event "I Festival delle Marche A"]
[Site "Civitanova Marche ITA"]
[Date "2012.08.26"]
[Round "6"]
[White "Teutsch, Alexander"]
[Black "Calavalle, Giulio"]
[WhiteElo "2095"]
[BlackElo "2185"]
[Result "1-0"]
[PlyCount "83"]
[EventDate "2012.08.21"]

1. d4 d5 2. c4 e6 3. Nc3 c6 4. cxd5 exd5 5. Bf4 Bd6 6. Bg3 Ne7 7. Nf3 Bf5 8. e3
Bxg3 9. hxg3 Nd7 10. Bd3 Nf6 11. Qc2 Bxd3 12. Qxd3 g6 13. O-O O-O 14. b4 b5 15.
a4 a6 16. Ra2 Qd6 17. Rfa1 Rfb8 18. axb5 cxb5 19. Qb1 Rb6 20. Ne5 Rc8 21. Qb2
Ne4 22. Ne2 g5 23. Nd3 Rc4 24. Nc5 Nc6 25. Rxa6 Rxb4 26. Nxe4 dxe4 27. Qc2 Rc4
28. Qxe4 Rxa6 29. Rxa6 Qe6 30. Qb1 Rb4 31. Qxb4 Nxb4 32. Rxe6 fxe6 33. Nc3 Kf7
34. Nxb5 Kf6 35. Kf1 e5 36. Ke2 exd4 37. Nxd4 Nd5 38. f3 h5 39. e4 Ne7 40. f4
Ng6 41. e5+ Ke7 42. Kf3 1-0

[Event "I Festival delle Marche A"]
[Site "Civitanova Marche ITA"]
[Date "2012.08.26"]
[Round "6"]
[White "Tomescu, Vlad"]
[Black "Borgiani, Flavio"]
[WhiteElo "2403"]
[BlackElo "2139"]
[Result "1-0"]
[PlyCount "67"]
[EventDate "2012.08.21"]

1. d4 b5 2. e4 Bb7 3. Bxb5 Bxe4 4. Nf3 e6 5. O-O Nf6 6. c4 Be7 7. Nc3 Bb7 8.
Ba4 O-O 9. d5 Na6 10. a3 Nc5 11. Bc2 a5 12. Rb1 Ba6 13. b4 axb4 14. axb4 Bxc4
15. bxc5 Bxf1 16. d6 cxd6 17. cxd6 Bxd6 18. Qxd6 Qa5 19. Bd2 Qa6 20. Qd4 Bc4
21. Ne5 d5 22. Bg5 Rfb8 23. Bxf6 Rxb1+ 24. Bxb1 gxf6 25. Nd7 e5 26. Qg4+ Kh8
27. Qf5 e4 28. Nxf6 Kg7 29. Qg5+ Kf8 30. Nxh7+ Ke8 31. Nf6+ Kf8 32. h4 Qb7 33.
h5 d4 34. Qc5+ 1-0

[Event "I Festival delle Marche A"]
[Site "Civitanova Marche ITA"]
[Date "2012.08.26"]
[Round "6"]
[White "Volkov, Sergey"]
[Black "Petkov, Vladimir"]
[WhiteElo "2589"]
[BlackElo "2511"]
[Result "1/2-1/2"]
[PlyCount "80"]
[EventDate "2012.08.21"]

1. d4 Nf6 2. c4 e6 3. Nc3 c5 4. d5 exd5 5. cxd5 d6 6. Nf3 g6 7. Nd2 Bg7 8. e4
O-O 9. Be2 Re8 10. O-O Na6 11. Re1 Nc7 12. a4 b6 13. Qc2 Ba6 14. Nc4 Bxc4 15.
Bxc4 Ng4 16. h3 Ne5 17. Be2 a6 18. Be3 Rb8 19. Rab1 b5 20. b4 c4 21. Qd2 Qd7
22. a5 f5 23. Rbd1 Qf7 24. f4 Nd7 25. e5 dxe5 26. fxe5 Nxe5 27. Bb6 Nd3 28.
Bxd3 Bxc3 29. Qxc3 Nxd5 30. Bxc4 bxc4 31. Rxe8+ Rxe8 32. Qxc4 Nxb6 33. Qxf7+
Kxf7 34. axb6 Rb8 35. Rd6 Ke7 36. Rc6 Kd7 37. Rf6 Kc8 38. h4 Kb7 39. h5 gxh5
40. Rxf5 Kxb6 1/2-1/2

[Event "I Festival delle Marche A"]
[Site "Civitanova Marche ITA"]
[Date "2012.08.27"]
[Round "7"]
[White "Boscolo, Marco"]
[Black "Fico, Massimiliano"]
[WhiteElo "2155"]
[BlackElo "2281"]
[Result "1/2-1/2"]
[PlyCount "97"]
[EventDate "2012.08.21"]

1. Nf3 Nc6 2. d4 d5 3. g3 Bg4 4. Bg2 Qd7 5. h3 Bh5 6. b3 f6 7. Bb2 g5 8. Nbd2
O-O-O 9. c4 e6 10. O-O g4 11. hxg4 Bxg4 12. Nh2 Bh5 13. Ndf3 Nge7 14. Re1 Rg8
15. e4 dxe4 16. Rxe4 Bg6 17. Re2 e5 18. d5 Nb4 19. Bc3 Na6 20. Re1 Bf5 21. Qe2
Ng6 22. Kh1 Nc5 23. Nd2 Nd3 24. Rg1 Nc5 25. Qe3 Kb8 26. Bb4 Na6 27. Bxf8 Rdxf8
28. a3 Bh3 29. Ne4 Bxg2+ 30. Rxg2 f5 31. Ng5 f4 32. gxf4 Nxf4 33. Rg3 h6 34.
Ne4 Qf5 35. Rag1 Rxg3 36. Rxg3 b6 37. b4 Qh5 38. Qf3 Qe8 39. Qd1 h5 40. d6 Qc6
41. Qc2 b5 42. Rc3 cxd6 43. cxb5 Qxb5 44. Nxd6 Qd5+ 45. Ne4 Rd8 46. Nf3 Qe6 47.
Nh2 Qd5 48. Nf3 Qe6 49. Nh2 1/2-1/2

[Event "I Festival delle Marche A"]
[Site "Civitanova Marche ITA"]
[Date "2012.08.27"]
[Round "7"]
[White "De Santis, Alessio"]
[Black "Arnetta, Maria Teresa"]
[WhiteElo "2344"]
[BlackElo "2034"]
[Result "1-0"]
[PlyCount "125"]
[EventDate "2012.08.21"]

1. Nf3 d5 2. c4 d4 3. g3 Nc6 4. Bg2 Bg4 5. Qa4 Qd7 6. b4 Bxf3 7. Bxf3 Ne5 8.
Qxd7+ Kxd7 9. Bxb7 Rb8 10. Bg2 Rxb4 11. d3 e6 12. Nd2 Rb6 13. Nb3 Nf6 14. Nxd4
Bb4+ 15. Bd2 Bxd2+ 16. Kxd2 Rb2+ 17. Kc3 Rhb8 18. Rhe1 R2b6 19. h3 Ng6 20. a4
e5 21. Nb5 c6 22. a5 Ra6 23. Na3 Kc7 24. Nc2 c5 25. Ra4 Ne8 26. Ne3 Ne7 27.
Rea1 Nd6 28. Nf1 Nc6 29. Nd2 Nd4 30. e3 Ne6 31. Kc2 Nf5 32. Bd5 Nd8 33. Ne4 Rh6
34. Nxc5 Kc8 35. Bg2 Kc7 36. R4a2 Kd6 37. Na6 Rc8 38. Rb2 Ke7 39. Nb4 Nd6 40.
Nd5+ Kf8 41. Nc3 Rf6 42. Kd1 Ne6 43. Nd5 Rh6 44. Rab1 Nc5 45. Rb8 Ke8 46. Rxc8+
Nxc8 47. Ke2 Kd8 48. d4 exd4 49. exd4 Re6+ 50. Kf1 Ne4 51. Rb2 Ned6 52. Nf4 Re7
53. Bd5 Rc7 54. c5 Nf5 55. Rd2 Rd7 56. g4 Nce7 57. Bxf7 Nc6 58. d5 Nxa5 59. Be6
Nc4 60. Rd3 Ne5 61. Bxd7 Nxd3 62. Nxd3 Ne7 63. Be6 1-0

[Event "I Festival delle Marche A"]
[Site "Civitanova Marche ITA"]
[Date "2012.08.27"]
[Round "7"]
[White "Horvath, Jozsef"]
[Black "Mariano, Elia"]
[WhiteElo "2536"]
[BlackElo "2159"]
[Result "1-0"]
[PlyCount "41"]
[EventDate "2012.08.21"]

1. c4 e6 2. Nf3 d5 3. b3 Nf6 4. Bb2 c5 5. cxd5 exd5 6. g3 Nc6 7. Bg2 Be7 8. O-O
O-O 9. d4 Re8 10. Nc3 Bg4 11. dxc5 Bxc5 12. Rc1 Bb6 13. h3 Bxf3 14. Bxf3 Nd4
15. Bg2 Nf5 16. Kh2 Ne4 17. Qxd5 Nxc3 18. Qxf5 Nxe2 19. Rcd1 Qe7 20. Rd7 Qe6
21. Qxe6 1-0

[Event "I Festival delle Marche A"]
[Site "Civitanova Marche ITA"]
[Date "2012.08.27"]
[Round "7"]
[White "Laketic, Gojko"]
[Black "Facchetti, Gianni"]
[WhiteElo "2438"]
[BlackElo "2110"]
[Result "1-0"]
[PlyCount "181"]
[EventDate "2012.08.21"]

1. d4 Nf6 2. Nf3 d6 3. c4 Nbd7 4. Nc3 e5 5. e4 c6 6. Be2 Qc7 7. O-O Be7 8. Re1
O-O 9. Bf1 Re8 10. d5 a6 11. Bd2 c5 12. a3 Nf8 13. b4 b6 14. Rb1 Bd7 15. Qb3
Reb8 16. h3 Ng6 17. Rb2 Be8 18. Reb1 Nd7 19. g3 h6 20. h4 Ngf8 21. Nh2 Qd8 22.
Qd1 Nf6 23. Ng4 Nxg4 24. Qxg4 Bd7 25. Qf3 Nh7 26. Qd1 Nf6 27. Be2 Be8 28. Bd3
Qc8 29. Kg2 Bd7 30. Qe2 Bh3+ 31. Kh2 Bg4 32. f3 Bd7 33. Bc2 Nh7 34. bxc5 bxc5
35. Ba4 Rxb2 36. Rxb2 Bd8 37. Bxd7 Qxd7 38. Nd1 Qa4 39. Bc1 Qd7 40. Qc2 Bc7 41.
Rb7 Qc8 42. Qb3 Rb8 43. Rxb8 Qxb8 44. Qxb8+ Bxb8 45. h5 Bc7 46. Ne3 Nf6 47. g4
g6 48. Kh3 gxh5 49. gxh5 Nxh5 50. Nf5 Ng7 51. Nxh6+ Kf8 52. Bg5 Ne8 53. Kg4 Ba5
54. Nf5 f6 55. Bh6+ Kf7 56. Kg3 Bd8 57. Kf2 Be7 58. Kg3 Bd8 59. Kg4 Be7 60. Bd2
Bd8 61. Kh4 Bc7 62. Bh6 Bd8 63. Kh5 Bc7 64. Kg4 Bd8 65. Kg3 Bc7 66. Kf2 Bd8 67.
Ke2 Be7 68. Kd3 Bd8 69. Kc2 Bc7 70. Kb3 Ba5 71. Ka4 Bc3 72. Be3 Be1 73. Kb3 Ba5
74. Bh6 Be1 75. Bc1 Ba5 76. Bb2 Bc7 77. Bc3 Kg6 78. Ka4 Kg5 79. Bd2+ Kg6 80.
Ba5 Bb8 81. Be1 Bc7 82. Bd2 Ng7 83. Nxg7 Kxg7 84. Ba5 Bb8 85. Bd8 Kg6 86. Ka5
Kg5 87. Kxa6 Kf4 88. Kb7 Ba7 89. Kxa7 Kxf3 90. Kb6 Kxe4 91. Bxf6 1-0

[Event "I Festival delle Marche A"]
[Site "Civitanova Marche ITA"]
[Date "2012.08.27"]
[Round "7"]
[White "Martinez, Rolly"]
[Black "Barlocco, Carlo"]
[WhiteElo "2426"]
[BlackElo "2076"]
[Result "1-0"]
[PlyCount "57"]
[EventDate "2012.08.21"]

1. e4 c5 2. Nf3 e6 3. d4 cxd4 4. Nxd4 Qb6 5. Nb3 a6 6. Bd3 Nc6 7. O-O Nf6 8.
Nc3 Qc7 9. f4 d6 10. Qf3 Be7 11. Bd2 O-O 12. Rae1 Bd7 13. Qg3 Rfe8 14. e5 Nh5
15. Qh3 g6 16. g4 Ng7 17. exd6 Bxd6 18. Ne4 Be7 19. Bc3 f5 20. Qh6 e5 21. Bc4+
Kh8 22. Bf7 Nd8 23. Bxe8 Bxe8 24. Bxe5 Qxe5 25. fxe5 fxe4 26. Rxe4 Nde6 27. Rf6
Bc6 28. Re3 Bd8 29. Rh3 1-0

[Event "I Festival delle Marche A"]
[Site "Civitanova Marche ITA"]
[Date "2012.08.27"]
[Round "7"]
[White "Movileanu, Daniela"]
[Black "Moroni, Luca jr"]
[WhiteElo "1993"]
[BlackElo "2116"]
[Result "1/2-1/2"]
[PlyCount "92"]
[EventDate "2012.08.21"]

1. e4 c5 2. Nc3 d6 3. d3 Nc6 4. g3 g6 5. Bg2 Bg7 6. Be3 e6 7. Qd2 Rb8 8. Nf3 b6
9. O-O Nge7 10. Bh6 O-O 11. Bxg7 Kxg7 12. Nd1 e5 13. Nh4 f5 14. exf5 Bxf5 15.
Nxf5+ Rxf5 16. Ne3 Rf8 17. Ng4 Nd4 18. Kh1 Nef5 19. Rae1 h5 20. Ne3 Nxe3 21.
fxe3 Qg5 22. c3 Rxf1+ 23. Rxf1 Nf5 24. Rf3 Nh6 25. Qd1 Rf8 26. Rxf8 Kxf8 27.
Qf3+ Nf5 28. Qa8+ Kg7 29. Qxa7+ Kh6 30. Be4 Qxe3 31. Bxf5 Qf3+ 32. Kg1 Qxf5 33.
Qa6 Qf3 34. Qb5 Qe2 35. a4 Kg5 36. Qc4 Qe1+ 37. Kg2 Qe2+ 38. Kg1 Qxb2 39. h4+
Kf6 40. Qd5 Qc1+ 41. Kg2 Qd2+ 42. Kh3 Qxc3 43. Qxd6+ Kf7 44. Qd7+ Kf6 45. Qd6+
Kf7 46. Qd7+ Kf6 1/2-1/2

[Event "I Festival delle Marche A"]
[Site "Civitanova Marche ITA"]
[Date "2012.08.27"]
[Round "7"]
[White "Petkov, Vladimir"]
[Black "Tomescu, Vlad"]
[WhiteElo "2511"]
[BlackElo "2403"]
[Result "1-0"]
[PlyCount "37"]
[EventDate "2012.08.21"]

1. d4 d6 2. Nf3 g6 3. e4 Bg7 4. Bc4 Nf6 5. Qe2 Nc6 6. e5 dxe5 7. dxe5 Nd5 8.
O-O Bg4 9. Rd1 e6 10. Bb5 Qc8 11. Bxc6+ bxc6 12. Nbd2 O-O 13. h3 Bxf3 14. Nxf3
h6 15. c4 Nb6 16. Qe4 Qa6 17. b3 Rad8 18. Rxd8 Rxd8 19. Bxh6 1-0

[Event "I Festival delle Marche A"]
[Site "Civitanova Marche ITA"]
[Date "2012.08.27"]
[Round "7"]
[White "Valsecchi, Alessio"]
[Black "Pascucci, Marco"]
[WhiteElo "2427"]
[BlackElo "2132"]
[Result "1-0"]
[PlyCount "47"]
[EventDate "2012.08.21"]

1. d4 d5 2. Nf3 Nf6 3. c4 c6 4. Nc3 g6 5. cxd5 cxd5 6. Bf4 a6 7. e3 Bg7 8. Be2
O-O 9. h3 Nc6 10. O-O b5 11. Ne5 Bb7 12. Nd3 Ra7 13. Bf3 e6 14. b4 Re8 15. a4
Bf8 16. Qb1 Ne4 17. Bxe4 dxe4 18. Nc5 Bxc5 19. dxc5 e5 20. Rd1 Qb8 21. Nxe4
exf4 22. Nf6+ Kg7 23. Qb2 Re5 24. Nd7 1-0

[Event "I Festival delle Marche A"]
[Site "Civitanova Marche ITA"]
[Date "2012.08.27"]
[Round "7"]
[White "Volkov, Sergey"]
[Black "Lazic, Miroljub"]
[WhiteElo "2589"]
[BlackElo "2464"]
[Result "1-0"]
[PlyCount "59"]
[EventDate "2012.08.21"]

1. d4 d5 2. c4 c6 3. Nf3 Nf6 4. e3 Bg4 5. Nc3 e6 6. Qb3 Qb6 7. Nh4 Nbd7 8. h3
Bh5 9. Bd2 Be7 10. g4 Bg6 11. Nxg6 hxg6 12. Bg2 O-O 13. g5 Nh5 14. h4 e5 15.
cxd5 exd4 16. Qxb6 Nxb6 17. exd4 cxd5 18. Bxd5 Rad8 19. Bxb7 Rxd4 20. O-O-O Nc4
21. Nd5 Bc5 22. b4 Nd6 23. bxc5 Nxb7 24. Ne7+ Kh7 25. c6 Nd8 26. Kb2 Ne6 27.
Be3 Rb4+ 28. Ka1 Re8 29. Rd7 Rc4 30. Rc1 1-0

[Event "I Festival delle Marche A"]
[Site "Civitanova Marche ITA"]
[Date "2012.08.27"]
[Round "7"]
[White "Xia, Jie"]
[Black "Bentivegna, Francesco"]
[WhiteElo "2254"]
[BlackElo "2317"]
[Result "0-1"]
[PlyCount "102"]
[EventDate "2012.08.21"]

1. e4 e6 2. d4 d5 3. Nd2 Nc6 4. Ngf3 Nf6 5. e5 Nd7 6. Bb5 a6 7. Bxc6 bxc6 8.
Nb3 c5 9. Bg5 Be7 10. Bxe7 Qxe7 11. O-O a5 12. Qd2 a4 13. Nxc5 Nxc5 14. dxc5
Qxc5 15. b4 Qe7 16. Nd4 c5 17. bxc5 Qxc5 18. a3 O-O 19. Rfb1 Qc7 20. Qe1 Bd7
21. Rb4 Rab8 22. Rab1 Rxb4 23. Rxb4 Rb8 24. f4 f6 25. Rxb8+ Qxb8 26. h3 Qb6 27.
Qe3 Kf7 28. Kh2 Qc5 29. Qd3 Kg8 30. Nf3 Bb5 31. Qd4 Qxd4 32. Nxd4 Bd7 33. Kg3
Kf7 34. Kf3 g5 35. g3 fxe5 36. fxe5 Bc8 37. h4 gxh4 38. gxh4 Bd7 39. Kf4 h6 40.
h5 Ke7 41. Kg4 Be8 42. Kh4 Bd7 43. Ne2 Bb5 44. Nd4 Bd7 45. Nf3 Bb5 46. Kg3 Be2
47. Kf2 Bd1 48. c3 Bxf3 49. Kxf3 Kd7 50. Ke3 Kc6 51. Kd2 Kb5 0-1

[Event "I Festival delle Marche A"]
[Site "Civitanova Marche ITA"]
[Date "2012.08.28"]
[Round "8"]
[White "Bentivegna, Francesco"]
[Black "Stella, Andrea"]
[WhiteElo "2317"]
[BlackElo "2441"]
[Result "1/2-1/2"]
[PlyCount "73"]
[EventDate "2012.08.21"]

1. e4 e6 2. d4 d5 3. Nc3 Bb4 4. a3 Bxc3+ 5. bxc3 Ne7 6. Qg4 O-O 7. e5 c5 8. Bd3
Nbc6 9. Qh5 Ng6 10. Nf3 Qc7 11. Be3 c4 12. Bxg6 fxg6 13. Qg4 Bd7 14. h4 Rf5 15.
h5 gxh5 16. Rxh5 Rxh5 17. Qxh5 Be8 18. Qh3 Nd8 19. Ng5 h6 20. Nxe6 Qa5 21. Bxh6
Nxe6 22. Qxe6+ Bf7 23. Qh3 gxh6 24. f4 Qb6 25. O-O-O Qg6 26. g4 Rc8 27. f5 Qg5+
28. Kb2 Rc6 29. Ka2 Ra6 30. Rb1 Qd2 31. Rb2 Qc1 32. e6 Be8 33. Qg3 Rxa3+ 34.
Kxa3 Qa1+ 35. Ra2 Qc1+ 36. Rb2 Qa1+ 37. Ra2 1/2-1/2

[Event "I Festival delle Marche A"]
[Site "Civitanova Marche ITA"]
[Date "2012.08.28"]
[Round "8"]
[White "Fico, Massimiliano"]
[Black "Juhasz, Kristof"]
[WhiteElo "2281"]
[BlackElo "2377"]
[Result "1/2-1/2"]
[PlyCount "56"]
[EventDate "2012.08.21"]

1. e4 e6 2. d4 d5 3. e5 c5 4. c3 Nc6 5. Nf3 Qb6 6. a3 Nh6 7. b4 cxd4 8. cxd4
Nf5 9. Bb2 Be7 10. Bd3 a5 11. Bxf5 exf5 12. Nc3 Be6 13. b5 a4 14. O-O Na5 15.
Qxa4 O-O 16. Qd1 Nc4 17. Qb3 Qa5 18. Rfb1 Rfc8 19. Ne2 Nxb2 20. Rxb2 Qa4 21.
Qe3 Rc7 22. Ne1 Rac8 23. h3 b6 24. Qb3 Rc4 25. Nd3 Qa5 26. a4 g6 27. Rba2 R8c7
28. Rb1 Rc8 1/2-1/2

[Event "I Festival delle Marche A"]
[Site "Civitanova Marche ITA"]
[Date "2012.08.28"]
[Round "8"]
[White "Horvath, Jozsef"]
[Black "Valsecchi, Alessio"]
[WhiteElo "2536"]
[BlackElo "2427"]
[Result "1-0"]
[PlyCount "61"]
[EventDate "2012.08.21"]

1. Nf3 Nf6 2. c4 c5 3. Nc3 e6 4. d4 a6 5. g3 cxd4 6. Nxd4 Qc7 7. Bg2 Nc6 8. O-O
Bb4 9. Na4 b5 10. a3 Be7 11. cxb5 axb5 12. Nxb5 Qb7 13. Nbc3 d5 14. b4 O-O 15.
Be3 Nd7 16. f4 Bf6 17. Bf2 Qb8 18. Rb1 Bb7 19. e4 dxe4 20. Nxe4 Rd8 21. Re1 h6
22. Nb6 Nxb6 23. Nxf6+ gxf6 24. Qg4+ Kh8 25. Qh5 Kg7 26. Bxb6 Rd2 27. Re2 Rxe2
28. Qg4+ Kh7 29. Qxe2 Ne7 30. Bc5 Nf5 31. Qb5 1-0

[Event "I Festival delle Marche A"]
[Site "Civitanova Marche ITA"]
[Date "2012.08.28"]
[Round "8"]
[White "Laketic, Gojko"]
[Black "De Santis, Alessio"]
[WhiteElo "2438"]
[BlackElo "2344"]
[Result "1-0"]
[PlyCount "75"]
[EventDate "2012.08.21"]

1. d4 Nf6 2. Nf3 g6 3. c4 c5 4. d5 b5 5. cxb5 a6 6. b6 d6 7. Nc3 Bg7 8. e4 Nbd7
9. a4 Qxb6 10. a5 Qb4 11. Ra4 Qb7 12. h3 O-O 13. Bc4 Ne8 14. O-O Nc7 15. Ra2
Nb5 16. Na4 Ne5 17. Nxe5 Bxe5 18. Nb6 Ra7 19. Bh6 Bg7 20. Bxg7 Kxg7 21. Bxb5
axb5 22. b4 c4 23. Qd4+ f6 24. f4 Qb8 25. Ra3 Kg8 26. f5 g5 27. h4 h6 28. hxg5
hxg5 29. Rh3 Ba6 30. Kf2 Kf7 31. Rfh1 Rb7 32. Rh7+ Ke8 33. Rh8 Rxb6 34. Rxf8+
Kxf8 35. Qxb6 Qxb6+ 36. axb6 Ke8 37. Ra1 Bb7 38. Ra7 1-0

[Event "I Festival delle Marche A"]
[Site "Civitanova Marche ITA"]
[Date "2012.08.28"]
[Round "8"]
[White "Lazic, Miroljub"]
[Black "Martinez, Rolly"]
[WhiteElo "2464"]
[BlackElo "2426"]
[Result "1/2-1/2"]
[PlyCount "108"]
[EventDate "2012.08.21"]

1. c4 Nf6 2. g3 e6 3. Bg2 d5 4. Nf3 Be7 5. b3 O-O 6. O-O b6 7. Bb2 Bb7 8. e3 c5
9. Qe2 Nc6 10. d3 Qc7 11. Nc3 Rad8 12. Rfd1 a6 13. Rac1 d4 14. exd4 Nxd4 15.
Nxd4 cxd4 16. Ne4 Nxe4 17. Bxe4 Bc5 18. Re1 Rfe8 19. Qf3 Bxe4 20. Rxe4 e5 21.
Rce1 Re6 22. g4 Rde8 23. Qg3 b5 24. Bc1 Bd6 25. Bd2 bxc4 26. dxc4 Qc8 27. Kf1
Rg6 28. Qf3 Rf8 29. Qf5 Qc6 30. Kg1 Re6 31. g5 g6 32. Qh3 f5 33. gxf6 Rexf6 34.
Bh6 R8f7 35. f4 Bc5 36. Qd3 exf4 37. Re8+ Bf8 38. Qe4 f3 39. Kf2 Qd6 40. Qe5
Qa3 41. Qxd4 Qxa2+ 42. Qd2 Qxd2+ 43. Bxd2 Rf5 44. Bh6 Rh5 45. Rxf8+ Rxf8 46.
Bxf8 Kxf8 47. Kg3 a5 48. Rf1 Ke7 49. Rxf3 Kd6 50. Rf7 Kc6 51. Rf6+ Kc5 52. Ra6
Kd4 53. Rd6+ Kc5 54. Ra6 Kd4 1/2-1/2